Relación de la inundación que hizo el río Mapocho, de la ciudad de Santiago de Chile, en el Monasterio de Carmelitas, titular de San Rafael, el día 16 de julio,1873, por una religiosa del mismo monasterio /
保存先:
| 第一著者: | |
|---|---|
| その他の著者: | , , |
| フォーマット: | eBook |
| 言語: | スペイン語 |
| 出版事項: |
Santiago de Chile :
Editorial Universitaria,
2022.
|
| シリーズ: | Letras del Reino de Chile.
|
| 主題: | |
| オンライン・アクセス: | https://elibro.unach.elogim.com/es/lc/unach/titulos/271849 |
| タグ: |
タグ追加
タグなし, このレコードへの初めてのタグを付けませんか!
|
MARC
| LEADER | 00000nam a2200000 i 4500 | ||
|---|---|---|---|
| 001 | ELB271849 | ||
| 003 | FINmELB | ||
| 005 | 20240922143000.5 | ||
| 006 | m o d | | ||
| 007 | cr cnu|||||||| | ||
| 008 | 240827s2022 cl a ob 001 0 spa d | ||
| 020 | |a 9789561129986 |q (print) | ||
| 020 | |a 9789561130067 |q (e-book) | ||
| 035 | |a (OCoLC)1456878402 | ||
| 040 | |a FINmELB |b spa |e rda |c FINmELB | ||
| 050 | 4 | |a GB1399.C53 |b G216 2022 | |
| 080 | |a 556.166(83) | ||
| 082 | 0 | 4 | |a 363.34930983 |2 23 |
| 100 | 1 | |a García de la Huerta, Tadea, |d 1755-1827, |e autora. | |
| 245 | 1 | 0 | |a Relación de la inundación que hizo el río Mapocho, de la ciudad de Santiago de Chile, en el Monasterio de Carmelitas, titular de San Rafael, el día 16 de julio,1873, por una religiosa del mismo monasterio / |c Tadea de San Joaquín (Tadea García de la Huerta Rosales) ; Miguel Donoso Rodríguez (estudio preliminar, edición y notas) ; Manuel Salas Fernández (colaborador) ; Alexandrine de La Taille (estudio histórico). |
| 264 | 1 | |a Santiago de Chile : |b Editorial Universitaria, |c 2022. | |
| 300 | |a 1 recurso en línea (177 páginas) : |b ilustraciones | ||
| 336 | |a texto |b txt |2 rdacontent/spa | ||
| 337 | |a computadora |b c |2 rdamedia/spa | ||
| 338 | |a recurso en línea |b cr |2 rdacarrier/spa | ||
| 490 | 1 | |a Letras del Reino de Chile | |
| 500 | |a Bibliografía p.113-124. | ||
| 500 | |a Incluye índice. | ||
| 500 | |a Incluye notas al pie. | ||
| 504 | |a Incluye bibliografía. | ||
| 588 | |a Descripción basada en metadatos suministrados por el editor y otras fuentes. | ||
| 590 | |a Recurso electrónico. Santa Fe, Arg.: elibro, 2024. Disponible vía World Wide Web. El acceso puede estar limitado para las bibliotecas afiliadas a elibro. | ||
| 650 | 4 | |a Inundaciones |z Chile |z Santiago |x Historia. | |
| 651 | 4 | |a Convento de las Carmelitas de Santiago (Chile) | |
| 655 | 4 | |a Libros electrónicos. | |
| 700 | 1 | |a Dono Rodríguez, Miguel, |e editor. | |
| 700 | 1 | |a Taille, Alexandrine de la, |e colaboradora. | |
| 700 | 1 | |a Salas Fernández, Manuel, |e colaborador. | |
| 797 | 2 | |a elibro, Corp. | |
| 830 | 0 | |a Letras del Reino de Chile. | |
| 856 | 4 | 0 | |u https://elibro.unach.elogim.com/es/lc/unach/titulos/271849 |